000 00462nam a2200181Ia 4500
005 20250923150328.0
008 008 250917s9999 xx 000 0 eng d
037 _aTextual
040 _aDSWL
_beng
_cDSWL
041 _aeng
_2eng
084 _qDSWL
100 _aSingh,Dk
_9844752
245 0 _aHIV/AIDS issues and strategies
_cby Dk Singh
260 _aLucknow
_bNew Royal book
_c2010
300 _a366p.
942 _cTEXL
999 _c1462241
_d1462241